Nueva lectura de la mujer : crítica histórica /

Colección que, desde una perspectiva feminista y de género, recupera la historia de las mujeres y los roles que se les han impuesto y/o han asumido en distintos períodos y geografías. Da cuenta de la tradicional marginación y discriminación que una sociedad eminentemente patriarcal ha ejercido contr...

Celý popis

Uloženo v:
Podrobná bibliografie
Hlavní autor: Alfaro Bech, Virginia (ed.)
Další autoři: Taillefer de Haya, Lidia (edición) (edición)
Médium: Kniha
Jazyk:španělština
Vydáno: Málaga, España : Universidad de Málaga, 1995, c1995
Edice:(Atenea ; 14)
Témata:
Tagy: Přidat tag
Žádné tagy, Buďte první, kdo vytvoří štítek k tomuto záznamu!

MARC

LEADER 00000nam^a2200000^a^4500
001 000144687
005 20250521000000.0
009 20260310095807.694
020 |a 84-7496-577-2 
037 |a Acervo ITESO - Biblioteca 
041 |a ESP 
082 |a 305. 42  |b ATE V. 14 
100 |a Alfaro Bech, Virginia  |e (ed.) 
245 1 0 |a Nueva lectura de la mujer :  |b crítica histórica /  |c Ed. de V. Alfaro Bech, L. Taillefer de Haya. 
264 4 |a Málaga, España :  |b Universidad de Málaga,  |c 1995, c1995 
300 |a 225 p. 
336 |a texto  |b txt  |2 rdacontenido 
337 |a sin mediación  |b n  |2 rdamedio 
338 |a volumen  |b nc  |2 rdasoporte 
440 1 |a (Atenea ;  |v 14) 
520 |a Colección que, desde una perspectiva feminista y de género, recupera la historia de las mujeres y los roles que se les han impuesto y/o han asumido en distintos períodos y geografías. Da cuenta de la tradicional marginación y discriminación que una sociedad eminentemente patriarcal ha ejercido contra ellas, pero también de los avances en términos de la igualdad de género. El presente volumen informa sobre las condiciones y evolución de la mujer, de la Grecia clásica al siglo XX, pasando por Roma, la España árabe y el barroco. Incluye el estudio de los modelos de mujer desarrollados en la narrativa de tres escritoras norteamericanas: Leslie Marmon Silko, Maxine Hong Kingston y Toni Cade Bambara. 
649 |a XX 
650 |a Mujeres -  |x Condiciones Sociales y Culturales 
650 |a Mujeres -  |z Grecia -  |x Historia 
650 |a Mujeres -  |z Roma -  |x Historia 
650 |a Mujeres -  |z Andalucía, España  |x Historia -  |y Período Arabe, 711-1492 
650 |a Mujeres -  |z Aragón, España -  |x Historia -  |y Período Arabe, 711-1492 
650 |a Mujeres -  |z España -  |x Historia -  |y Período Arabe, 711-1492 
650 |a Mujeres -  |z Europa -  |x Historia -  |y Hasta 476 
650 |a Mujeres -  |z Europa -  |x Historia -  |y 476-1492 
650 |a Mujeres -  |z Europa -  |x Historia -  |y Siglo XVI 
650 |a Mujeres -  |z Europa -  |x Historia -  |y Siglo XVII 
650 |a Mujeres -  |z Europa -  |x Historia -  |y Siglo XVIII 
650 |a Mujeres -  |z EUA -  |x Historia -  |y Siglo XX 
650 |a Mujeres en la Literatura -  |x Historia y Crítica 
650 |a Personajes Literarios -  |x Historia y Crítica 
650 |a Literatura de Mujeres -  |x Historia y Crítica 
650 |a Literatura Norteamericana -  |x Historia y Crítica 
650 |a Discurso Religioso 
650 |a Prácticas Culturales 
650 |a Teología 
650 |a Cristianismo 
650 |a Religión 
650 |a Roles de Género 
650 |a Discriminación de Género 
650 |a Identidad de Género 
650 |a Género 
650 |a Feminismo 
650 |a España -  |x Historia -  |y Período Arabe, 711-1492 
650 |a Europa -  |x Historia -  |y Hasta 476 
650 |a Europa -  |x Historia -  |y 476-1492 
650 |a Europa -  |x Historia -  |y Siglo XVI 
650 |a Europa -  |x Historia -  |y Siglo XVII 
650 |a Europa -  |x Historia -  |y Siglo XVIII 
650 |a Sociología de la Religión 
650 |a Sociología de la Cultura 
650 |a Silko, Leslie Marmon 
650 |a Kingston, Manine Hong 
650 |a Bambara, Toni Cade 
700 |a Taillefer de Haya, Lidia  |e (edición) 
910 |a Fondo General 
920 |a Impresos - Libros 
930 |a Colección General 
905 |a 101 
901 |a 0500073763  |b IT1  |c ACC  |u 20250521 
902 |a https://opac.biblio.iteso.mx/vufind/Record/000144687